000 00741nam a2200205Ii 4500
003 JO-AjNU
008 230605s9999||||xx |||||||||||||| ||und||
040 _aJO-AjNU
_bara
_erda
_cJO-AjNU
041 _aara
050 1 4 _aBJ1291.Q85 1900
100 3 _aقراعة،محمود علي ,
_eauthor
_99976
245 0 0 _aالمسلم الكامل من أحاديث الرسول ومن فتاوى ابن عابدين
264 3 1 _aد.م:دار مصر للطباعة،د.ت
300 _a372ص
336 _atext
_btxt
_2rdacontent
337 _aunmediated
_bn
_2rdamedia
338 _avolume
_bnc
_2rdacarrier
490 0 _aسلسلة الروح الجامعية
650 4 _aالاخلاق الاسلامية-الاداب الاسلامية
_99977
999 _aA1574
_c5142
_d5142